000 00541nam a22001577a 4500
003 OSt
005 20151117152854.0
008 151117b xxu||||| |||| 00| 0 eng d
040 _cRUA
082 _aFIS ឡេង​ 1992 B146 Or.1
100 _93811
_aឡេង សំអាត
245 _aកន្លែននេសាទបំរុងទុកខេត្ត ពោធន៍សាត់ នៅរំាងទិល និងដីរនាត.
260 _aPhnom Penh
_bRUA
_c1992
300 _a96p.
_bill.
_c29cm.
942 _2ddc
_cFIS
999 _c3544
_d3544